Guess the Kendrick vs Drake diss - Statistics

General Stats
  • This quiz has been taken 119 times
  • The average score is 9 of 10
Answer Stats
Picture Answer % Correct
euphoria
97%
Not Like Us
97%
Like That
92%
meet the grahams
90%
Push Ups
88%
Family Matters
86%
First Person Shooter
86%
6:16 in LA
75%
The Heart Part 6
73%
Taylor Made Freestyle
69%
No matching quizzes found
Score Distribution
Percent of People with Each Score
Percentile by Number Answered
Your Score History
You have not taken this quiz